| 000 | 00787nam a2200205Ia 4500 | ||
|---|---|---|---|
| 003 | OSt | ||
| 005 | 20240706120841.0 | ||
| 008 | 210210b2010 xxu||||| |||| 00| 0 eng d | ||
| 040 | _cAL | ||
| 041 | _aKannada | ||
| 082 | _a954.04K RAMB | ||
| 100 |
_aRAMACHANDRA GUHA _dರಾಮಚಂದ್ರ ಗುಹಾ _9172807 |
||
| 245 |
_aBapu nantarada bharata: vishvada atidodda prajaprabhutvada apurva itihasa samputa 2 _bಬಾಪೂ ನಂತರದ ಭಾರತ : ವಿಶ್ವದ ಅತಿದೊಡ್ಡ ಪ್ರಜಾಪ್ರಭುತ್ವದ ಅಪೂರ್ವ ಇತಿಹಾಸ ಸಂಪುಟ 2 |
||
| 260 |
_aBengaLuru _bVasanta Prakashana _c2010 |
||
| 300 | _aviii,514+16 | ||
| 440 |
_a2 _9172808 |
||
| 690 |
_aIndian History _9172809 |
||
| 906 | _a065201 | ||
| 942 |
_2ddc _cBK |
||
| 999 |
_c142658 _d142658 |
||